=LDR 00000nam 2200000 4500 =001 INLIS000000000004022 =005 20250618090844 =035 ##$$a 0010-0625000227 =007 ta =008 250618################g##########0#ind## =082 ##$$a 304.660 =084 ##$$a 304.660 BAD h =245 1#$$a Hasil Rapat Konsultasi Deputi Bidang Umum dan Sekretariat (DUMSEK) Malang 16-19 Januari 1984 /$c Badan Koordinasi Keluarga Berencana Nasional =260 ##$$a Jakarta :$b BKKBN,$c 1984 =300 ##$$a 160 hlm : $b ilus ; $c 29 cm =650 #4$$a Program KB =110 #$$a Badan Koordinasi Keluarga Berencana Nasional